000 00260 a2200121 4500
001 71037
040 _cAnchieta - Itaigara
100 _aNixon, Caroline
240 1 0 _akid's box 1
_leng
245 1 0 _akid's box 1
650 4 _aPublicações seriadas
942 _cMX
999 _c71037
_d71037